000 00824nam a22001937a 4500
999 _c194159
_d194159
005 20230320165142.0
010 _aB-746238-245 E.N.A./7.11.22
020 _a9788172455385
_c395.00
035 _aB-746238-245
037 _bGoodwill Publishing House
082 _a485
100 _aPaul, D.S.
245 _aGoodwill's Advanced Writing Skills/
_cD.S. Paul
260 _aNew Delhi
_bGoodwill Publishing House
270 _aB-3 Rattan Jyoti Building ,18 Rajendra Place
_bNew Delhi
_e110008
_mgoodwillpub@gmail.com
_k01125750801
300 _a344p.
_c28cm(pbk)
942 _2ddc
_cEN
_mPAU
_h485